5HLuxD.jpg

KING HENRY VIII SENIOR AND PRIMARY SCHOOL LIBRARY OPAC

Madame Bovary / (Record no. 500)

000 -LEADER
fixed length control field 00571nam a22001817a 4500
005 - DATE AND TIME OF LATEST TRANSACTION
control field 20190819081839.0
008 - FIXED-LENGTH DATA ELEMENTS--GENERAL INFORMATION
fixed length control field 190819b ||||| |||| 00| 0 eng d
020 ## - INTERNATIONAL STANDARD BOOK NUMBER
International Standard Book Number 9780956401052
040 ## - CATALOGING SOURCE
Transcribing agency KH8
082 ## - DEWEY DECIMAL CLASSIFICATION NUMBER
Classification number FIC FLA
100 ## - MAIN ENTRY--PERSONAL NAME
Personal name Flaubert, Gustave
245 ## - TITLE STATEMENT
Title Madame Bovary /
Statement of responsibility, etc. Gustave Flaubert.
260 ## - PUBLICATION, DISTRIBUTION, ETC.
Place of publication, distribution, etc. [England] :
Name of publisher, distributor, etc. Alexander Vassiliev,
Date of publication, distribution, etc. [2010?]
300 ## - PHYSICAL DESCRIPTION
Extent 567 p. ;
Dimensions 23 cm.
440 ## - SERIES STATEMENT/ADDED ENTRY--TITLE
Title French classics in French and English
500 ## - GENERAL NOTE
General note Language note: Translated from the French and also in parallel English and French.
942 ## - ADDED ENTRY ELEMENTS (KOHA)
Source of classification or shelving scheme
Koha item type Books - Fiction
Holdings
Withdrawn status Lost status Source of classification or shelving scheme Damaged status Not for loan Collection code Permanent Location Current Location Shelving location Date acquired Total Checkouts Full call number Barcode Date last seen Date last checked out Price effective from Koha item type
          Fiction KH8 Senior School Library KH8 Senior School Library Young Adult 2019-08-19 1 FIC FLA 3KHSL000100124 2025-01-22 2024-09-26 2019-08-19 Books - Fiction

Powered By KH8 IT Dept